Normal view
MARC view
Entry Personal Name
001 - CONTROL NUMBER
- control field: 73818
003 - CONTROL NUMBER IDENTIFIER
- control field: OSt
005 - DATE AND TIME OF LATEST TRANSACTION
- control field: 20190315121921.0
008 - FIXED-LENGTH DATA ELEMENTS
- fixed length control field: 190315|| aca||aabn | a|a d
040 ## - CATALOGING SOURCE
- Original cataloging agency: OSt
- Transcribing agency: OSt
100 ## - HEADING--PERSONAL NAME
- Personal name: अरूण ,डॉ विनाेद बाला
670 ## - SOURCE DATA FOUND
- Source citation: Work cat.: (OSt): अरूण ,डॉ विनाेद बाला , रामकथ्ाा में नैतिक मूल्य , 2015









